| 000 | 00756nam a2200253 a 4500 | ||
|---|---|---|---|
| 001 | BRCA_8198 | ||
| 005 | 20190320210155.0 | ||
| 008 | 130514s1933----fr-a###f##---#000-0#fre-# | ||
| 041 | _afre | ||
| 044 | _afr | ||
| 050 | 4 |
_aNK3780 _b.G53 1933 |
|
| 100 | 1 |
_aGiacomotti, Jeanne _914386 |
|
| 245 | 1 | 0 |
_aLa Ceramique I _bantiquité- pays musulmans- extrême orient _cJeanne Giacomotti. |
| 260 |
_aParís _bE. Flammarion _c1933 |
||
| 300 |
_a62 p. _bil. (algunas a color), 101 láminas _c22 cm. |
||
| 440 | 0 |
_aLes Arts decoratifs _920428 |
|
| 500 | _aEjemplar igual a F133 (Tomo I) | ||
| 500 | _aVer también U55 | ||
| 500 | _aU56 | ||
| 650 | 1 | 4 |
_aCerámica _vMedio oriente _920429 |
| 650 | 1 | 4 |
_aCerámica _vHistoria _920430 |
| 902 | _aGFM | ||
| 942 |
_2lcc _cB |
||
| 999 |
_c7866 _d7866 |
||